<?xml version="1.0" encoding="UTF-8"?>
<record
    xmlns:xsi="http://www.w3.org/2001/XMLSchema-instance"
    xsi:schemaLocation="http://www.loc.gov/MARC21/slim http://www.loc.gov/standards/marcxml/schema/MARC21slim.xsd"
    xmlns="http://www.loc.gov/MARC21/slim">

  <leader>02821    a2200253   4500</leader>
  <controlfield tag="003">NALT</controlfield>
  <controlfield tag="005">20250822104255.0</controlfield>
  <controlfield tag="008">250611b        th ||||| |||| 00| 0 tha d</controlfield>
  <datafield tag="020" ind1=" " ind2=" ">
    <subfield code="a">9786164875470</subfield>
  </datafield>
  <datafield tag="040" ind1=" " ind2=" ">
    <subfield code="a">NALT</subfield>
  </datafield>
  <datafield tag="050" ind1=" " ind2=" ">
    <subfield code="a">QA 76.9.I52 </subfield>
    <subfield code="b">&#xE14;211&#xE04; 2567</subfield>
  </datafield>
  <datafield tag="100" ind1="0" ind2=" ">
    <subfield code="a">&#xE14;&#xE27;&#xE07;&#xE1E;&#xE23; &#xE40;&#xE01;&#xE35;&#xE4B;&#xE22;&#xE07;&#xE04;&#xE33;.</subfield>
    <subfield code="9">5833</subfield>
  </datafield>
  <datafield tag="245" ind1="1" ind2="0">
    <subfield code="a">&#xE04;&#xE39;&#xE48;&#xE21;&#xE37;&#xE2D; Data analysis &#xE41;&#xE25;&#xE30; data visualization &#xE14;&#xE49;&#xE27;&#xE22; Excel /</subfield>
    <subfield code="c">&#xE14;&#xE27;&#xE07;&#xE1E;&#xE23; &#xE40;&#xE01;&#xE35;&#xE4B;&#xE22;&#xE07;&#xE04;&#xE33;.</subfield>
  </datafield>
  <datafield tag="260" ind1=" " ind2=" ">
    <subfield code="a">&#xE19;&#xE19;&#xE17;&#xE1A;&#xE38;&#xE23;&#xE35; :</subfield>
    <subfield code="b">&#xE44;&#xE2D;&#xE14;&#xE35;&#xE0B;&#xE35; &#xE1E;&#xE23;&#xE35;&#xE40;&#xE21;&#xE35;&#xE22;&#xE23;&#xE4C;,</subfield>
    <subfield code="c">2567.</subfield>
  </datafield>
  <datafield tag="300" ind1=" " ind2=" ">
    <subfield code="a">312 &#xE2B;&#xE19;&#xE49;&#xE32; :</subfield>
    <subfield code="b">&#xE20;&#xE32;&#xE1E;&#xE1B;&#xE23;&#xE30;&#xE01;&#xE2D;&#xE1A; ;</subfield>
    <subfield code="c">23 &#xE0B;&#xE21;.</subfield>
  </datafield>
  <datafield tag="505" ind1="2" ind2=" ">
    <subfield code="a">Lesson 1 : Table &#xE15;&#xE32;&#xE23;&#xE32;&#xE07;&#xE10;&#xE32;&#xE19;&#xE02;&#xE49;&#xE2D;&#xE21;&#xE39;&#xE25; -- Lesson 2 : Slicer sparkline &#xE40;&#xE04;&#xE23;&#xE37;&#xE48;&#xE2D;&#xE07;&#xE21;&#xE37;&#xE2D;&#xE27;&#xE34;&#xE40;&#xE04;&#xE23;&#xE32;&#xE30;&#xE2B;&#xE4C;&#xE02;&#xE49;&#xE2D;&#xE21;&#xE39;&#xE25;&#xE1E;&#xE37;&#xE49;&#xE19;&#xE10;&#xE32;&#xE19; -- Lesson 3 : PivotTable &#xE08;&#xE31;&#xE14;&#xE23;&#xE30;&#xE40;&#xE1A;&#xE35;&#xE22;&#xE1A;&#xE41;&#xE25;&#xE30;&#xE27;&#xE34;&#xE40;&#xE04;&#xE23;&#xE32;&#xE30;&#xE2B;&#xE4C;&#xE02;&#xE49;&#xE2D;&#xE21;&#xE39;&#xE25;&#xE43;&#xE2B;&#xE49;&#xE14;&#xE39;&#xE07;&#xE48;&#xE32;&#xE22;&#xE02;&#xE36;&#xE49;&#xE19; -- Lesson 4 : PivotChart &#xE27;&#xE34;&#xE40;&#xE04;&#xE23;&#xE32;&#xE30;&#xE2B;&#xE4C;&#xE02;&#xE49;&#xE2D;&#xE21;&#xE39;&#xE25;&#xE41;&#xE1A;&#xE1A;&#xE41;&#xE1C;&#xE19;&#xE20;&#xE39;&#xE21;&#xE34;&#xE01;&#xE23;&#xE32;&#xE1F; &#xE40;&#xE1E;&#xE37;&#xE48;&#xE2D;&#xE19;&#xE33;&#xE40;&#xE2A;&#xE19;&#xE2D;&#xE02;&#xE49;&#xE2D;&#xE21;&#xE39;&#xE25;&#xE21;&#xE35;&#xE1B;&#xE23;&#xE30;&#xE2A;&#xE34;&#xE17;&#xE18;&#xE34;&#xE20;&#xE32;&#xE1E; -- Lesson 5 : Power query &#xE08;&#xE31;&#xE14;&#xE01;&#xE32;&#xE23;&#xE02;&#xE49;&#xE2D;&#xE21;&#xE39;&#xE25;&#xE44;&#xE14;&#xE49;&#xE2D;&#xE22;&#xE48;&#xE32;&#xE07;&#xE21;&#xE35;&#xE1B;&#xE23;&#xE30;&#xE2A;&#xE34;&#xE17;&#xE18;&#xE34;&#xE20;&#xE32;&#xE1E;&#xE41;&#xE25;&#xE30;&#xE17;&#xE33;&#xE07;&#xE32;&#xE19;&#xE44;&#xE14;&#xE49;&#xE22;&#xE37;&#xE14;&#xE2B;&#xE22;&#xE38;&#xE48;&#xE19;&#xE22;&#xE34;&#xE48;&#xE07;&#xE02;&#xE36;&#xE49;&#xE19; -- Lesson 6 : Power query transform &#xE1B;&#xE23;&#xE31;&#xE1A;&#xE41;&#xE15;&#xE48;&#xE07;&#xE02;&#xE49;&#xE2D;&#xE21;&#xE39;&#xE25;&#xE40;&#xE1E;&#xE37;&#xE48;&#xE2D;&#xE19;&#xE33;&#xE44;&#xE1B;&#xE43;&#xE0A;&#xE49;&#xE44;&#xE14;&#xE49;&#xE2D;&#xE22;&#xE48;&#xE32;&#xE07;&#xE21;&#xE35;&#xE1B;&#xE23;&#xE30;&#xE2A;&#xE34;&#xE17;&#xE18;&#xE34;&#xE20;&#xE32;&#xE1E; -- Lesson 7 : Append &amp; Merge query Function query &#xE2A;&#xE23;&#xE49;&#xE32;&#xE07;&#xE40;&#xE07;&#xE37;&#xE48;&#xE2D;&#xE19;&#xE44;&#xE02;&#xE40;&#xE1E;&#xE37;&#xE48;&#xE2D;&#xE40;&#xE0A;&#xE37;&#xE48;&#xE2D;&#xE21;&#xE42;&#xE22;&#xE07;&#xE23;&#xE30;&#xE2B;&#xE27;&#xE48;&#xE32;&#xE07;&#xE02;&#xE49;&#xE2D;&#xE21;&#xE39;&#xE25; -- Lesson 8 : Power pivot &amp; Data model &#xE2A;&#xE23;&#xE38;&#xE1B;&#xE02;&#xE49;&#xE2D;&#xE21;&#xE39;&#xE25;&#xE43;&#xE2B;&#xE49;&#xE40;&#xE2B;&#xE47;&#xE19;&#xE20;&#xE32;&#xE1E;&#xE41;&#xE25;&#xE30;&#xE19;&#xE33;&#xE44;&#xE1B;&#xE1B;&#xE23;&#xE30;&#xE22;&#xE38;&#xE01;&#xE15;&#xE4C;&#xE43;&#xE0A;&#xE49;&#xE07;&#xE32;&#xE19;&#xE44;&#xE14;&#xE49;&#xE08;&#xE23;&#xE34;&#xE07; -- Lesson 9 : DAX functions &amp; Measure formulas &#xE43;&#xE0A;&#xE49; DAX &#xE1F;&#xE31;&#xE07;&#xE01;&#xE4C;&#xE0A;&#xE31;&#xE19;&#xE40;&#xE1E;&#xE37;&#xE48;&#xE2D;&#xE27;&#xE34;&#xE40;&#xE04;&#xE23;&#xE32;&#xE30;&#xE2B;&#xE4C;&#xE41;&#xE25;&#xE30;&#xE23;&#xE32;&#xE22;&#xE07;&#xE32;&#xE19;&#xE02;&#xE49;&#xE2D;&#xE21;&#xE39;&#xE25; -- Lesson 10 : Dashboard &#xE2A;&#xE23;&#xE49;&#xE32;&#xE07;&#xE41;&#xE14;&#xE0A;&#xE1A;&#xE2D;&#xE23;&#xE4C;&#xE14;&#xE2A;&#xE23;&#xE38;&#xE1B;&#xE02;&#xE49;&#xE2D;&#xE21;&#xE39;&#xE25;&#xE08;&#xE33;&#xE19;&#xE27;&#xE19;&#xE21;&#xE32;&#xE01;&#xE43;&#xE2B;&#xE49;&#xE2D;&#xE22;&#xE39;&#xE48;&#xE20;&#xE32;&#xE22;&#xE43;&#xE19;&#xE2B;&#xE19;&#xE49;&#xE32;&#xE08;&#xE2D;&#xE40;&#xE14;&#xE35;&#xE22;&#xE27;&#xE01;&#xE31;&#xE19; &#xE40;&#xE1E;&#xE37;&#xE48;&#xE2D;&#xE43;&#xE2B;&#xE49;&#xE27;&#xE34;&#xE40;&#xE04;&#xE23;&#xE32;&#xE30;&#xE2B;&#xE4C;&#xE02;&#xE49;&#xE2D;&#xE21;&#xE39;&#xE25;&#xE44;&#xE14;&#xE49;&#xE07;&#xE48;&#xE32;&#xE22;&#xE02;&#xE36;&#xE49;&#xE19;.</subfield>
  </datafield>
  <datafield tag="650" ind1=" " ind2="4">
    <subfield code="a">&#xE44;&#xE21;&#xE42;&#xE04;&#xE23;&#xE0B;&#xE2D;&#xE1F;&#xE15;&#xE4C;&#xE40;&#xE2D;&#xE47;&#xE01;&#xE40;&#xE0B;&#xE25;</subfield>
    <subfield code="9">12908</subfield>
  </datafield>
  <datafield tag="653" ind1=" " ind2="4">
    <subfield code="a">&#xE40;&#xE2D;&#xE47;&#xE01;&#xE40;&#xE0B;&#xE25; (&#xE42;&#xE1B;&#xE23;&#xE41;&#xE01;&#xE23;&#xE21;&#xE04;&#xE2D;&#xE21;&#xE1E;&#xE34;&#xE27;&#xE40;&#xE15;&#xE2D;&#xE23;&#xE4C;)</subfield>
  </datafield>
  <datafield tag="942" ind1=" " ind2=" ">
    <subfield code="c">GB</subfield>
    <subfield code="2">lcc</subfield>
  </datafield>
  <datafield tag="996" ind1=" " ind2=" ">
    <subfield code="a">jidapa.t</subfield>
    <subfield code="b">ACQSTF</subfield>
    <subfield code="c">2025-06-11</subfield>
  </datafield>
  <datafield tag="996" ind1=" " ind2=" ">
    <subfield code="a">varee.k</subfield>
    <subfield code="b">LIBSTF</subfield>
    <subfield code="c">2025-06-18</subfield>
  </datafield>
  <datafield tag="996" ind1=" " ind2=" ">
    <subfield code="a">saiphon.d</subfield>
    <subfield code="b">CATSTF	</subfield>
    <subfield code="c">2025-06-26</subfield>
  </datafield>
  <datafield tag="999" ind1=" " ind2=" ">
    <subfield code="c">106839</subfield>
    <subfield code="d">106839</subfield>
  </datafield>
  <datafield tag="998" ind1=" " ind2=" ">
    <subfield code="j">111</subfield>
    <subfield code="k"> &#xE19;&#xE32;&#xE07;&#xE2A;&#xE32;&#xE27;&#xE1E;&#xE08;&#xE1E;&#xE34;&#xE13;  &#xE1E;&#xE23;&#xE21;&#xE40;&#xE2D;&#xE35;&#xE48;&#xE22;&#xE21;</subfield>
  </datafield>
  <datafield tag="952" ind1=" " ind2=" ">
    <subfield code="0">0</subfield>
    <subfield code="1">0</subfield>
    <subfield code="2">lcc</subfield>
    <subfield code="4">0</subfield>
    <subfield code="7">0</subfield>
    <subfield code="8">CGBL</subfield>
    <subfield code="a">NALT</subfield>
    <subfield code="b">NALT</subfield>
    <subfield code="c">GEN</subfield>
    <subfield code="d">2025-06-05</subfield>
    <subfield code="e">192</subfield>
    <subfield code="l">3</subfield>
    <subfield code="m">1</subfield>
    <subfield code="o">QA 76.9.I52 &#xE14;211&#xE04; 2567</subfield>
    <subfield code="p">3961215374</subfield>
    <subfield code="r">2025-08-29 00:00:00</subfield>
    <subfield code="s">2025-08-22</subfield>
    <subfield code="w">2025-06-05</subfield>
    <subfield code="y">GB</subfield>
  </datafield>
</record>
